Welcome to CU Library Online Public Access Catalogue (OPAC)

Cases on Copyright : Statutory Supplement (Record no. 4667)

MARC details
000 -LEADER
fixed length control field 00520nam a22001817a 4500
005 - DATE AND TIME OF LATEST TRANSACTION
control field 20250310192349.0
008 - FIXED-LENGTH DATA ELEMENTS--GENERAL INFORMATION
fixed length control field 250310b |||||||| |||| 00| 0 eng d
020 ## - INTERNATIONAL STANDARD BOOK NUMBER
International Standard Book Number 9781587781087
050 ## - LIBRARY OF CONGRESS CALL NUMBER
Classification number KF2993
Item number .B76 2002
100 ## - MAIN ENTRY--PERSONAL NAME
Personal name Brown, Ralph S.
245 ## - TITLE STATEMENT
Title Cases on Copyright : Statutory Supplement
Statement of responsibility, etc. Brown, Ralph S.
250 ## - EDITION STATEMENT
Edition statement 8th ed.
260 ## - PUBLICATION, DISTRIBUTION, ETC.
Place of publication, distribution, etc. New York ;
Name of publisher, distributor, etc. Foundation Press
Date of publication, distribution, etc. c2002
300 ## - PHYSICAL DESCRIPTION
Extent v, 389 p, ;
500 ## - GENERAL NOTE
General note Includes Table of Content only
700 ## - ADDED ENTRY--PERSONAL NAME
Personal name Denicola, Robert C.
942 ## - ADDED ENTRY ELEMENTS (KOHA)
Source of classification or shelving scheme Library of Congress Classification
Koha item type Books
Suppress in OPAC No
999 ## -
-- 4667
-- 4667
Holdings
Withdrawn status Lost status Source of classification or shelving scheme Damaged status Not for loan Collection Home library Current library Shelving location Date acquired Total checkouts Full call number Barcode Date last seen Copy number Price effective from Koha item type
    Library of Congress Classification     Non-fiction Law Library (Christ Temple) Law Library (Christ Temple) General stacks 03/10/2025   KF2993.B76 BRO LLCT00000327 03/10/2025 1 03/10/2025 Books
© 2023-2024 Copyright: Central University Libraries. All Rights Reserved | Created by: Mahone Tech Office